000 00761nam a22001817a 4500
999 _c59412
_d59412
003 Ge_BSU
005 20230213142246.0
008 230213s2006 ge ||||| |||| 00| 0 geo d
041 _ageo
080 _a343.211.3 ო-99
245 _aოჯახური ძალადობა ქალებისა და გოგონების წინააღმდეგ /
_cრედ. ხათუნა ყვირალაშვილი.
264 _a[თბილისი],
_c2008.
300 _a111 გვ.;
_b21 სმ.
653 _aძალადობა ოჯახში
653 _aსამართალი
700 _a ყვირალაშვილი, ხათუნა
_eრედაქტორი
_916899
942 _2udc
_cBK